Phase transformations in metals and alloys /

Bibliographic Details
Main Author: Porter, David A.
Other Authors: Easterling, K. E.
Format: Book
Language:English
Published: New York, N.Y. : Van Nostrand Reinhold, 1981.
Subjects:

MARC

Tag First Indicator Second Indicator Subfields
LEADER 00000cam a22000008a 4500
001 in00000071092
005 20151008062042.0
008 800924s1981 nyua b 00110 engm
010 |a  80024671  
020 |a 0442304390 
020 |a 0442304404 (pbk.) 
035 |a (OCoLC)06813542 
035 |9 AAJ9416AM 
040 |a DLC  |c DLC  |d m.c.  |d TXA  |d UtOrBLW 
049 |a TXAM  |c [1803521] 
050 0 0 |a TN690  |b .P597 
082 0 |a 669/.74  |2 19 
100 1 |a Porter, David A. 
245 1 0 |a Phase transformations in metals and alloys /  |c David A. Porter, Kenneth E. Easterling. 
263 |a 8103 
264 1 |a New York, N.Y. :  |b Van Nostrand Reinhold,  |c 1981. 
300 |a xii, 446 pages :  |b illustrations ;  |c 24 cm. 
336 |a text  |b txt  |2 rdacontent 
337 |a unmediated  |b n  |2 rdamedia 
338 |a volume  |b nc  |2 rdacarrier 
504 |a Includes bibliographies and index. 
650 0 |a Physical metallurgy. 
650 0 |a Phase rule and equilibrium. 
700 1 |a Easterling, K. E. 
999 |a MARS 
999 f f |s 49db4e88-ffa4-3bb6-a34c-537179c667aa  |i 39ddf95f-78dc-365c-9803-47c306a2beff  |t 0 
952 f f |p normal  |a Texas A&M University  |b College Station  |c Sterling C. Evans Library  |d Evans: Library Stacks  |t 0  |e TN690 .P597  |h Library of Congress classification  |i unmediated -- volume  |m A14806255121 
998 f f |a TN690 .P597  |t 0  |l Evans: Library Stacks